000 00550nam a2200097Ia 4500
008 170517s9999 xx 000 0 und d
245 _aIndependent Media in a Time of War
300 _aPart scathing critique, part call to action, Independent Media In A Time Of War is a hard-hitting new documentary by the Hudson Mohawk Independent Media Center. This film is composed of a speech given by Amy Goodman, host of Democracy Now! illustrated by clips of...
650 _xMedia.
856 _uhttp://topdocumentaryfilms.com/independent-media-in-a-time-of-war/
999 _c333534
_d333534